000 00470nam a2200157 i 4500
001 57986
003 ES-MaACL
005 20230906163710.0
007 t|
008 031020s1946 sp ||||1| spa d
100 1 _aDoussinague y Teixidor, José María.
_945516
245 1 0 _aFernando el Católico y el cisma de Pisa /
_cJosé M. Doussinague.
260 _aMadrid :
_bEspasa-Calpe,
_c1946.
300 _a706 p., 8 lám. ;
_c25 cm.
852 _aES-MaACL
_jC-5235
_bR.25679
999 _c57986
_d57986